| 000 | 00448nam a22001577a 4500 | ||
|---|---|---|---|
| 005 | 20180801125914.0 | ||
| 020 |
_a8187046023 _c250.00 |
||
| 035 | _aA-893976, A-893981, A-843314 | ||
| 037 |
_aDPL _bENG |
||
| 100 | _aSury, M.M. | ||
| 245 |
_aGovernment budgeting in India / _cby M.M. Sury |
||
| 250 | _a2nd ed. | ||
| 260 |
_aDelhi _bIndian Tax Institute _c1997 |
||
| 300 |
_axvi, 204p. _c20 cms. |
||
| 942 |
_2ddc _cEN _h351.722 _mSUR |
||
| 999 |
_c67559 _d67559 |
||